Estadística con SPSS para windows: versión 9

Salvato in:
Dettagli Bibliografici
Autore principale: Camacho Rosales, Juan
Ente Autore: Universidad de La Laguna. Facultad de Psicología
Natura: testo
Pubblicazione: México: ALFAOMEGA
Tags: Aggiungi Tag
Nessun Tag, puoi essere il primo ad aggiungerne!!

MARC

LEADER 00000 a a2200000 04500
001 27193
003
040
020 |a 84-7897-405-9  
022 |a 84-7897-405-9  
090 |a 183900  
100 |a Camacho Rosales, Juan  
110 |a Universidad de La Laguna. Facultad de Psicología  
245 |a Estadística con SPSS para windows: versión 9  
260 |a México:   |b ALFAOMEGA  
300 |a 394 p.  
300 |b **no definido**   |b il.   |b fonodiscos  
999 |c 11257  |d 11257